000 00297nam a2200109Ia 4500
008 200302s9999 xx 000 0 und d
100 _aRoger Flanagan & Carol Jewell
245 _aWhole Life Appraisal For Construction(Usd 97.50)
260 _bBlackwell Publishing
260 _c2005
300 _a182 P
999 _c4975
_d4975